000 01049nam a2200277Ia 4500
003 OSt
005 20221005110113.0
006 a|||||r|||| 00| 0
007 ta
008 221004b |||||||| |||| 00| 0 hin d
020 _a8126019492 (hbk)
_c1000
024 _a93440
037 _b526, 19/03/2009, Vani Prakashan
_cTextual
040 _aCRL
_cCRL
_bhin
041 _2hin
_ahin
082 _aO157v, 152P4
100 _aसेन, सुकुमार
245 0 _aबाङ्ला साहित्य का इतिहास
246 _aBānlā sāhitya kā itihāsa
260 _aनई दिल्ली
_bसाहित्य अकादेमी भारत
_c2004
300 _a395पृ0
_ccm.
650 _aबंगाली साहित्य
700 _a जैन, निर्मला, अनु.
942 _hO157v, 152P4
_cTEXL
_2cc
999 _c1017812
_d1017812